01443nam a2200181Ia 4500001001300000003001000013008004100023040002500064041000700089100001800096245006900114250001100183260005500194300001100249500096500260650001601225700002001241b7181-53330 IT-MiCISF161014s9999||||xx |||||||||||||| ||und|| aIT-MiCISFcIT-MiCISF ait aMace Nancy L. 0aUna giornata di 36 orebPrendersi cura della persona con demenza a1a ed. a TrentobEricksonc2013 [Edizione originale: 2011] app.354 a / malattie-mentali, anziani, non-autosufficienza, cura, famiglia, operatori-sanitari, comunicazione, comportamento, rapporti-familiari / Di fronte all'insorgere della demenza e al suo aspetto più drammatico, la perdita di memoria, il malato e i suoi familiari devono affrontare problemi che possono apparire insormontabili. Tuttavia, molto può essere fatto per migliorare la qualità della vita della persona malata e della sua famiglia. Il volume fornisce le informazioni necessarie per conoscere e affrontare la malattia: le possibili cause, la progressione dei sintomi, le tecniche e i consigli per interagire con il malato, gli altri familiari e gli operatori sanitari e assistenziali, le soluzioni per quando il malato non può più essere assistito a casa. E' così possibile comprendere il comportamento della persona con demenza e promuovere attività e atteggiamenti che contribuiscano a mantenere più a lungo le sue capacità funzionali. asalute-cura aRabins Peter V.